000 00785nam a2200265Ia 4500
005 20260302114027.0
008 008 260114s9999 xx 000 0 eng d
020 _a9781350029637
037 _aTextbook
040 _aCRL
040 _beng
040 _cCRL
041 _2eng
041 _aeng
084 _qCRL
100 _aGrace Qiao Zhang and Nhu Nguyet Le
_91117539
245 0 _aVague Language, Elasticity Theory and the Use of ‘Some’ A Comparative Study of L1 and L2 Speakers in Educational Settings
260 _bBloomsbury
260 _bBloomsbury Academic
260 _c2018
650 _aLinguistics
856 _uhttps://dx.doi.org/10.5040/9781350029637?locatt=label:secondary_bloomsburyCollections
942 _cEBOOK
999 _c1681079
_d1681079